| 000 | 00710nam a2200205Ia 4500 | ||
|---|---|---|---|
| 003 | GCL | ||
| 008 | 140319s9999 xx 000 0 ara d | ||
| 040 |
_aGCL / _cGCL |
||
| 082 | 0 | 4 |
_a815.03 _bص ج |
| 100 | 1 | _aصبرى حافظ | |
| 245 | 1 | 0 |
_aجدل الرؤى المتغايرة:دراسات ومتابعات لندوات الادب وقضايا العقل العربى / _cصبرى حافظ |
| 260 |
_aالقاهرة : _bالهيئة المصرية العامة للكتاب ، _c1993 |
||
| 300 |
_a398 ص ؛ _c24 سم |
||
| 490 | _a | ||
| 650 | 0 | 4 | _aالادب العربى |
| 650 | 0 | 4 | _aندوات |
| 650 | 0 | 4 | _aالمؤتمرات |
| 650 | 0 | 4 | _aالمؤتمرات الدولية |
| 942 |
_2ddc _cBK |
||
| 999 |
_c27584 _d27584 |
||